000 00820nam a2200229 4500
001 122063
003 ES-MaACL
005 20240430133659.0
007 t|
008 070214s1969 sp r ||||1| spa d
245 0 0 _aPoemas /
_cde María de los Angeles Cano Martínez de Velasco, José Luis Jover Portilla, Feliciano Blázquez Carmona, José Antonio Marreno Cabrera.
260 _aMadrid :
_bUniversidad,
_c1969.
300 _a50 p. ;
_c19 cm.
700 1 _aCano Martínez de Velasco, María de los Angeles.
_934560
700 1 _aMarrero Cabrera, José Antonio.
_977074
700 0 _aJover, José Luis,
_d1946-
_967060
700 1 _aBlázquez, Feliciano.
_929438
710 2 _aUniversidad Central (Madrid)
_97084
852 _aES-MaACL
_j2066-F-16
_bR.70837
942 _2udc
999 _c122063
_d122063